000 00926nam a22002897a 4500
003 CHAP
005 20220329141108.0
008 971013s1995 r 00010 d
010 _a62501
011 _a63473
035 _a67649
040 _cCHAP
082 _a595.7058
_bV5
100 0 0 _aVilela, Evaldo Ferreira
_eed.
_9119339
245 _aQuem é quem na entomologia; catálogo dos entomologistas brasileiros
260 _aMinas Gerais, Brasil :
_bFolha de Viçosa,
_c1995
300 _a179 p.
590 _aBATCH-UPD
_b10
_c20130110
_lUCH01
_h0540
590 _aBATCH-UPD
_b10
_c20130410
_lUCH01
_h0220
590 _aBATCH-UPD
_b10
_c20130914
_lUCH01
_h0342
590 _aCONVERSION
_b10
_c20130109
_lUCH01
_h1334
650 1 4 _aEntomólogos
_xDirectorios.
_937157
700 0 _aAnjos, Norivaldo dos
_eed.
_95923
901 _aBK
942 _cLIBRO
949 _a595.7058 V5
_bBC
_cC
_d33724000634325
_eC
_gI.c/e
_h91897
_i67649
_sb
999 _c62501
_d62501